| 000 | 01154cad a22002175a 4500 | ||
|---|---|---|---|
| 001 | E143917 | ||
| 008 | 080606s20080528stk f | 000 0 eng d | ||
| 035 | _a(Sirsi) u143917 | ||
| 041 | 0 | _aeng | |
| 050 | 0 | 4 | _a306.3 $2 18 |
| 100 | _aMaclennan, Duncan | ||
| 245 | 0 | 0 |
_aHousing policies for Scotland _bchallenges and changes _h[electronic resource] |
| 260 |
_aYork _bJoseph Rowntree Foundation _c2008 |
||
| 520 | _aDocument expands on the debate on Scottish housing policy initiated by the Scottish Government's "Firm Foundations" paper. Discusses the changing nature of land tenure in Scotland and adresses challenges for the future, drawing on historical and contemporary examples. The study also looks at the challenges of economic growth and globalisation; suggesting areas for change across the market sector and social housing sector. | ||
| 590 | _aKA NTK | ||
| 651 | 4 |
_aScotland _y1999- |
|
| 690 | _aPROPERTY-RESIDENTIAL PROPERTY-DOMESTIC RESIDENTIAL PROPERTY | ||
| 700 | 1 | _aO'Sullivan, Tony | |
| 856 | 4 | 0 |
_uhttps://www.jrf.org.uk/sites/files/jrf/2243-scotland-housing-policy.pdf _zView the report free of charge at www.jrf.org.uk |
| 942 | _n0 | ||
| 999 |
_c108318 _d108318 |
||